00481 2200193 4500001002100000005001500021008004100036035001900077041000700096082001000103090001600113100002300129700001900152700002500171245002100196260002500217300003400242500001100276INLIS00000000001832420241224115501241224||||||||| | ||| |||| || |  0010-1224018324 aid0 a551.7 a551.7 HAR a0 aEndang Sri Nuryani0 aHandi Hartanto0 aFahd Djibran[et. Al]00aApakah Cuaca Itu aBandungbTitian Ilmu a21x15 cm, vi, 72 hlm.; ilus.: aCet. 4